Normal view
MARC view
- التجارة الإلكترونية -- الحواسيب -- الإنترنت -- القانون التجاري -- الاعمال التجارية
Entry Topical Term
001 - CONTROL NUMBER
- control field: 12377
003 - CONTROL NUMBER IDENTIFIER
- control field: JO-AjAnu
005 - DATE AND TIME OF LATEST TRANSACTION
- control field: 20230606072302.0
008 - FIXED-LENGTH DATA ELEMENTS
- fixed length control field: 230606|| aca||aabn | a|a d
040 ## - CATALOGING SOURCE
- Original cataloging agency: JO-AjAnu
- Transcribing agency: JO-AjAnu
150 ## - HEADING--TOPICAL TERM
- Topical term or geographic name entry element: التجارة الإلكترونية -- الحواسيب -- الإنترنت -- القانون التجاري -- الاعمال التجارية
670 ## - SOURCE DATA FOUND
- Source citation: Work cat.: (JO-AjAnu)6373: عبيدات، لورنس محمد, author 12376, إثبات المحرر الإلكتروني